| 000 | 00728nam a2200205Ia 4500 | ||
|---|---|---|---|
| 003 | GCL | ||
| 008 | 140319s9999 xx 000 0 ara d | ||
| 040 |
_aGCL / _cGCL |
||
| 082 | 0 | 4 |
_a250 _bم د |
| 100 | 1 | _aمحمد طلبة زايد | |
| 245 | 1 | 0 |
_aديوان القصاص - القتل العمد والخطأ - اصابات العمد والخطا - ديات النفس والاعضاء - دية الجنين - القسامة / _cمحمد طلبة زايد |
| 250 | _aالاولى | ||
| 300 |
_a511 ص ؛ _c24 سم |
||
| 490 |
_a100 قصة _v0 |
||
| 650 | 0 | 4 | _aالدين الاسلامى |
| 650 | 0 | 4 | _aالدية |
| 650 | 0 | 4 | _aالاسلام - احكام |
| 650 | 0 | 4 | _aالقتل فى الاسلام |
| 942 |
_2ddc _cBK |
||
| 999 |
_c46121 _d46121 |
||